LEADER 02382nam 2200685 a 450 001 9910782339603321 005 20210113132909.0 010 $a1-282-16059-1 010 $a9786612160592 010 $a90-272-9570-0 035 $a(CKB)1000000000552519 035 $a(OCoLC)70771525 035 $a(CaPaEBR)ebrary10052849 035 $a(SSID)ssj0000279813 035 $a(PQKBManifestationID)11214214 035 $a(PQKBTitleCode)TC0000279813 035 $a(PQKBWorkID)10268133 035 $a(PQKB)11610520 035 $a(MiAaPQ)EBC622603 035 $a(EXLCZ)991000000000552519 100 $a20150424d2004 |y| 0 101 0 $aeng 135 $aur||||||||||| 181 $ctxt$2rdacontent 182 $cc$2rdamedia 183 $acr$2rdacarrier 200 10$aGender, Language and Culture$b[electronic resource] $eA Study of Japanese Television Interview Discourse /$fLidia Tanaka 210 $aPhiladelphia, PA, USA $cJohn Benjamins Publishing Company$d2004 210 $cJohn Benjamins Publishing Company 215 $a1 online resource (251 p.) 225 1 $aStudies in language companion series,$x0165-7763 ;$v69. 300 $aBibliographic Level Mode of Issuance: Monograph 311 $a1-58811-472-4 311 $a90-272-3079-X 320 $aIncludes bibliographical references (pages 207-220) and index. 410 0$aStudies in language companion series ;$v69. 606 $aJapanese language$xDiscourse analysis 606 $aConversation analysis$xSocial aspects$zJapan 606 $aInterviewing in mass media$zJapan 606 $aCommunication$xSex differences 606 $aFOREIGN LANGUAGE STUDY$2bisac 606 $aJapanese$2bisac 606 $aEast Asian Languages & Literatures$2HILCC 606 $aLanguages & Literatures$2HILCC 615 0$aJapanese language$xDiscourse analysis. 615 0$aConversation analysis$xSocial aspects 615 0$aInterviewing in mass media 615 0$aCommunication$xSex differences. 615 7$aFOREIGN LANGUAGE STUDY 615 7$aJapanese 615 7$aEast Asian Languages & Literatures 615 7$aLanguages & Literatures 676 $a95.6/014 700 $aTanaka$b Lidia$01468746 801 0$bPQKB 801 2$bAzTeS 906 $aBOOK 912 $a9910782339603321 996 $aGender, Language and Culture$93680071 997 $aUNINA LEADER 01600nas 2200541-a 450 001 9910222192503321 005 20260128164120.0 011 $a1449-8979 035 $a(OCoLC)56083305 035 $a(CKB)111089139137000 035 $a(CONSER)--2005252035 035 $a(EXLCZ)99111089139137000 100 $a20040803a20049999 s-- - 101 0 $aeng 135 $aurmn||||||||| 181 $ctxt$2rdacontent 182 $cc$2rdamedia 183 $acr$2rdacarrier 200 00$aEnvironmental chemistry 210 $aCollingwood, Vic. $cCSIRO Pub.$d2004- 215 $a1 online resource 300 $aRefereed/Peer-reviewed 300 $a"Environmental problems, chemical approaches." 300 $aTitle from PDF contents page (CSIRO, viewed August 2, 2004). 311 08$a1448-2517 531 $aENVIRON. CHEM 531 $aENVIRON CHEM 606 $aEnvironmental chemistry$vPeriodicals 606 $aChemistry 606 $aEnvironment 606 $aEnvironmental Pollutants 606 $aEnvironmental Pollution 606 $aEnvironmental chemistry$2fast$3(OCoLC)fst00912860 608 $aPeriodical. 608 $aPeriodicals.$2fast 608 $aPeriodicals.$2lcgft 615 0$aEnvironmental chemistry 615 12$aChemistry. 615 22$aEnvironment. 615 22$aEnvironmental Pollutants. 615 22$aEnvironmental Pollution. 615 7$aEnvironmental chemistry. 676 $a577.1405 712 02$aCSIRO (Australia) 906 $aJOURNAL 912 $a9910222192503321 996 $aEnvironmental chemistry$92290868 997 $aUNINA